000 01290cam a22004097a 4500
003 CHAP
005 20220817043730.0
008 001122d2000 espoab r 00110 esp d
010 _a82926
011 _a83898
020 _a8428326428
035 _a94417
040 _cCHAP
082 0 4 _a333.72
_bC2
100 0 0 _aCamp, William G.
_917922
245 1 0 _aManejo de nuestros recursos naturales
_c/por William G. Camp y Thomas B. Daugherty.
260 _aMadrid, España :
_bEditorial Paraninfo,
_c2000.
300 _a400p. :
_bfots.; ilus.; mapas; gráfs.
490 0 _aParaninfo
590 _aBATCH-UPD
_b10
_c20130110
_lUCH01
_h0809
590 _aBATCH-UPD
_b10
_c20130410
_lUCH01
_h0446
590 _aBATCH-UPD
_b10
_c20130914
_lUCH01
_h1317
590 _aCONVERSION
_b10
_c20130109
_lUCH01
_h1346
650 4 _aVida silvestre.
_9119155
650 1 4 _aErosión.
_937335
650 1 4 _aPastizales.
_985916
650 1 4 _aRecursos forestales.
_995025
650 1 4 _aRecursos hidraulicos.
650 1 4 _aRecursos naturales
_xUtilización.
_995321
650 1 4 _aSuelos.
_9110191
700 0 _aDaugherty, Thomas, B.
_931141
830 0 0 _aParaninfo
_985459
901 _aBK
905 _aEdna Luz
942 _cLIBRO
949 _a333.72 C2
_bBC
_cLIBRO
_d33724000813523
_eLIBRO
_h99161
_i94417
_si
999 _c82926
_d82926